O encontro entre culturas (Record no. 75968)

MARC details
000 -LÍDER
campo de controle de tamanho fixo 00384 a2200157 4500
001 - NÚMERO DE CONTROLE
campo de controle 75968
020 ## - ISBN - INTERNATIONAL STANDARD BOOK NUMBER
ISBN - International Standard Book Number 8570566211
040 ## - FONTE DA CATALOGAÇÃO
Instituição que transcreveu o registro Anchieta - Colégio São Paulo
100 ## - ENTRADA PRINCIPAL--NOME PESSOAL
Nome pessoal Scatamacchia, Maria Cristina Mineiro
240 10 - TÍTULO UNIFORME
Título uniforme O encontro entre culturas
Idioma da obra por
245 10 - TÍTULO
Título O encontro entre culturas
300 ## - DESCRIÇÃO FÍSICA
Extensão 43
362 0# - DATAS DE PUBLICAÇÃO E/OU DESIGNAÇÃO SEQUENCIAL
Datas de publicação e/ou designação sequencial 1994
650 #4 - ASSUNTO--TERMO TÓPICO
Cabeçalho tópico ou nome geográfico História do Brasil
942 ## - ELEMENTOS DE ENTRADA ADICIONADOS (KOHA)
Tipo de material Koha Livros
Holdings
Situação do descarte Situação das perdas Situação física Não pode ser emprestado Biblioteca de origem Biblioteca atual Data de aquisição Total de empréstimos Número de chamada completo Código de barras Data de último acesso Data do preço efetivo Tipo de material Koha
        Colégio São Paulo Colégio São Paulo 22/11/2023   981 S285e 8013/CSP 22/11/2023 22/11/2023 Livros
        Colégio São Paulo Colégio São Paulo 22/11/2023   981 S285e 8014/CSP 22/11/2023 22/11/2023 Livros